[Event "Plzen, FSB A"]
[Site "?"]
[Date "2004.??.??"]
[Round "2.4"]
[White "Berescu, A."]
[Black "Tuma, J."]
[Result "1/2-1/2"]
[WhiteElo "2404"]
[BlackElo "2192"]
[PlyCount "87"]
[EventDate "2004.??.??"]
[Source "ChessBase"]
[SourceDate "1996.11.15"]

1. e4 e5 2. Nf3 Nc6 3. Bb5 a6 4. Ba4 Nf6 5. O-O b5 6. Bb3 Be7 7. Re1 d6 8. c3
O-O 9. h3 Na5 10. Bc2 c5 11. d4 Qc7 12. Nbd2 Nc6 13. d5 Nd8 14. a4 Rb8 15. axb5
axb5 16. b4 c4 17. Nf1 Ne8 18. Ng3 g6 19. Nh2 Ng7 20. Rf1 f6 21. f4 exf4 22.
Bxf4 Nf7 23. Ng4 Bd7 24. Be3 Bxg4 25. Qxg4 Ne5 26. Qd1 Ra8 27. Qd4 Qb7 28. Ne2
Rfb8 29. Qd2 Rxa1 30. Rxa1 Ra8 31. Rxa8+ Qxa8 32. Nd4 Qa6 33. Bb1 Bd8 34. Qa2
Qxa2 35. Bxa2 Bb6 36. Kf2 Bxd4 37. Bxd4 Kf7 38. Bb1 g5 39. Bc2 h5 40. g3 Ng6
41. Be3 Ke7 42. Bd1 Ne5 43. Be2 Nd7 44. Bd4 1/2-1/2

[Event "Plzen, FSB A"]
[Site "?"]
[Date "2004.??.??"]
[Round "2.5"]
[White "Jaros, M."]
[Black "Grunberg, M."]
[Result "1-0"]
[WhiteElo "2169"]
[BlackElo "2403"]
[PlyCount "75"]
[EventDate "2004.??.??"]
[Source "ChessBase"]
[SourceDate "1996.11.15"]

1. e4 d6 2. d4 Nf6 3. Nc3 g6 4. Nf3 Bg7 5. Bc4 Nc6 6. d5 Nb8 7. h3 c6 8. a4 b6
9. O-O O-O 10. Qe2 Bb7 11. Bf4 Nbd7 12. Rad1 Qc7 13. dxc6 Bxc6 14. Nd5 Bxd5 15.
exd5 Nc5 16. Bb5 a6 17. Bc6 Ra7 18. Nd4 Nh5 19. Bg5 h6 20. Bh4 Nf4 21. Qe3 e5
22. dxe6 Bxd4 23. Rxd4 Nfxe6 24. Qxh6 f5 25. Qxg6+ Qg7 26. Qxg7+ Kxg7 27. Rxd6
Nf4 28. Kh2 Ne4 29. Bxe4 fxe4 30. Bg3 Rc7 31. Rd2 b5 32. axb5 axb5 33. Re1 Rc4
34. Bxf4 Rxf4 35. Rde2 b4 36. b3 Rc3 37. Rxe4 Rxf2 38. R1e2 1-0

[Event "Plzen, FSB A"]
[Site "?"]
[Date "2004.??.??"]
[Round "2.6"]
[White "Heinzel, O."]
[Black "Purnoch, J."]
[Result "1/2-1/2"]
[WhiteElo "2402"]
[BlackElo "2184"]
[PlyCount "47"]
[EventDate "2004.??.??"]
[Source "ChessBase"]
[SourceDate "1996.11.15"]

1. c4 Nf6 2. Nf3 c5 3. d4 cxd4 4. Nxd4 e5 5. Nb5 d5 6. cxd5 Bc5 7. N5c3 O-O 8.
e3 e4 9. Be2 Bf5 10. g4 Bg6 11. h4 h6 12. Qb3 Na6 13. Nd2 Re8 14. Nf1 Re5 15.
Bd2 Nxd5 16. Nxd5 Rxd5 17. Bc4 Rd7 18. Bb5 Rd6 19. Bc3 Nc7 20. Be2 Nd5 21. h5
Bh7 22. Rd1 Nxc3 23. bxc3 Rxd1+ 24. Bxd1 1/2-1/2

[Event "Plzen, FSB A"]
[Site "?"]
[Date "2004.??.??"]
[Round "2.7"]
[White "Hlavac, R."]
[Black "Jurek, J."]
[Result "1/2-1/2"]
[WhiteElo "2165"]
[BlackElo "2387"]
[PlyCount "26"]
[EventDate "2004.??.??"]
[Source "ChessBase"]
[SourceDate "1996.11.15"]

1. e4 e6 2. d4 d5 3. Nd2 Be7 4. Ngf3 Nf6 5. Bd3 c5 6. c3 cxd4 7. Nxd4 dxe4 8.
Nxe4 e5 9. Nf5 Nxe4 10. Nxg7+ Kf8 11. Bh6 Nxf2 12. Nf5+ Kg8 13. Kxf2 Bxf5
1/2-1/2

[Event "Plzen, FSB A"]
[Site "?"]
[Date "2004.??.??"]
[Round "2.8"]
[White "Cernousek, L."]
[Black "Bujak, M."]
[Result "1-0"]
[WhiteElo "2378"]
[BlackElo "2179"]
[PlyCount "101"]
[EventDate "2004.??.??"]
[Source "ChessBase"]
[SourceDate "1996.11.15"]

1. d4 Nf6 2. c4 c5 3. Nf3 g6 4. Nc3 Bg7 5. d5 d6 6. g3 O-O 7. Bg2 Bg4 8. Nd2
Qc8 9. h3 Bd7 10. g4 e5 11. dxe6 fxe6 12. Nde4 Ne8 13. Nxd6 Nxd6 14. Qxd6 Bc6
15. Ne4 Rd8 16. Qe7 Rd4 17. Bh6 Qf8 18. Qxe6+ Kh8 19. Bxg7+ Qxg7 20. Qc8+ Qg8
21. Qxg8+ Kxg8 22. Nf6+ Kg7 23. Nd5 Rxc4 24. O-O Na6 25. Rac1 Rd4 26. Rfd1 Rd8
27. Rxd4 cxd4 28. Nf4 Rd6 29. Bxc6 bxc6 30. Nd3 Kf6 31. b4 Nc7 32. Nc5 Ke5 33.
Nb7 Rf6 34. Na5 Ke4 35. Nxc6 Nb5 36. Rc4 Rd6 37. Kf1 a6 38. Ke1 Nc3 39. Nxd4
Rxd4 40. Rxc3 Rxb4 41. Ra3 Rb1+ 42. Kd2 Rb2+ 43. Kd1 Kf4 44. Rxa6 Kg5 45. Ra3
h6 46. Ke1 Rb1+ 47. Kd2 Kh4 48. f4 Rf1 49. Rf3 Ra1 50. a3 Rb1 51. f5 1-0

[Event "Plzen, FSB A"]
[Site "?"]
[Date "2004.??.??"]
[Round "2.9"]
[White "Hagarova, Z."]
[Black "Folkova, M."]
[Result "1-0"]
[WhiteElo "2330"]
[BlackElo "2165"]
[PlyCount "81"]
[EventDate "2004.??.??"]
[Source "ChessBase"]
[SourceDate "1996.11.15"]

1. e4 e5 2. Nf3 Nc6 3. Bb5 Nge7 4. O-O g6 5. c3 Bg7 6. d4 exd4 7. cxd4 d5 8.
exd5 Nxd5 9. Re1+ Be6 10. Bg5 Qd6 11. Nbd2 O-O 12. Ne4 Qb4 13. Bxc6 bxc6 14.
Qc1 Rfe8 15. Bh6 Rad8 16. Bxg7 Kxg7 17. Ne5 Ne7 18. Qg5 Rxd4 19. a3 Qxb2 20.
Qf6+ Kg8 21. Nd3 Qb6 22. Ndc5 Nf5 23. Qe5 Red8 24. Nf6+ Kf8 25. Nxh7+ Kg8 26.
Nf6+ Kf8 27. Nxe6+ fxe6 28. Qxe6 Kg7 29. Ne8+ Kh6 30. Qe5 R8d5 31. Qh8+ Kg5 32.
g3 Rd2 33. Qf6+ Kh6 34. Qf8+ Kg5 35. Rf1 Qd4 36. Rae1 Qc3 37. Re4 Rd6 38. h4+
Kh5 39. g4+ Kxh4 40. gxf5+ Kg5 41. Qe7+ 1-0

[Event "Plzen, FSB A"]
[Site "?"]
[Date "2004.??.??"]
[Round "2.10"]
[White "Pech, V."]
[Black "Plischki, S."]
[Result "0-1"]
[WhiteElo "2135"]
[BlackElo "2325"]
[PlyCount "60"]
[EventDate "2004.??.??"]
[Source "ChessBase"]
[SourceDate "1996.11.15"]

1. e4 c5 2. Nf3 e6 3. d4 cxd4 4. Nxd4 a6 5. Nc3 Qc7 6. Bd3 Nf6 7. O-O Bc5 8.
Nb3 Be7 9. Kh1 d6 10. f4 Nbd7 11. Bd2 b6 12. Qe2 Bb7 13. Rae1 e5 14. f5 b5 15.
a3 O-O 16. Qf2 Rfe8 17. Qg3 Bf8 18. Qh4 Be7 19. Qg3 Rac8 20. Bh6 Bf8 21. Bg5
Qb8 22. Qh4 Rxc3 23. bxc3 Rc8 24. Rf3 Rxc3 25. Rh3 d5 26. Bd2 Rc8 27. Bb4 dxe4
28. Rxe4 Bxe4 29. Bxe4 Bxb4 30. axb4 Rc4 0-1

[Event "Plzen, FSB A"]
[Site "?"]
[Date "2004.??.??"]
[Round "2.11"]
[White "Fiala, R."]
[Black "Toman, Jar"]
[Result "1-0"]
[WhiteElo "2324"]
[BlackElo "2145"]
[PlyCount "75"]
[EventDate "2004.??.??"]
[Source "ChessBase"]
[SourceDate "1996.11.15"]

1. d4 d6 2. e4 Nf6 3. f3 g6 4. c4 Bg7 5. Nc3 O-O 6. Bg5 c6 7. Qd2 e5 8. d5 cxd5
9. cxd5 Bd7 10. g4 h6 11. Be3 Kh7 12. h4 h5 13. g5 Ng8 14. Nb5 Bxb5 15. Bxb5
Ne7 16. Ne2 Nd7 17. Nc3 a6 18. Be2 Qa5 19. O-O Rac8 20. Rfc1 Ra8 21. b4 Qd8 22.
a4 Nc8 23. Rc2 f6 24. Rac1 fxg5 25. hxg5 Rf7 26. Kf2 Rb8 27. Rh1 Qf8 28. Qd1
Rf4 29. Bf1 Rf7 30. a5 Qd8 31. Na4 Ra8 32. Bh3 b5 33. axb6 Ndxb6 34. Nxb6 Nxb6
35. Rc6 Rb7 36. Be6 Nc8 37. f4 Ne7 38. Rxh5+ 1-0

[Event "Plzen, FSB A"]
[Site "?"]
[Date "2004.??.??"]
[Round "2.12"]
[White "Jenicek, M."]
[Black "Novak, P."]
[Result "0-1"]
[WhiteElo "2117"]
[BlackElo "2323"]
[PlyCount "56"]
[EventDate "2004.??.??"]
[Source "ChessBase"]
[SourceDate "1996.11.15"]

1. e4 c5 2. Nf3 Nc6 3. Bb5 g6 4. O-O Bg7 5. Re1 e5 6. c3 Nge7 7. d4 cxd4 8.
cxd4 exd4 9. e5 O-O 10. Nxd4 Qb6 11. Nxc6 dxc6 12. Bc4 Be6 13. b3 Bxc4 14. bxc4
Nf5 15. c5 Qc7 16. Bb2 Rfe8 17. f4 Qa5 18. Qc1 Rad8 19. Qc3 Qa4 20. g3 Nd4 21.
Nd2 Qc2 22. Kf1 Qxc3 23. Bxc3 Nc2 24. Rab1 Nxe1 25. Kxe1 Rd3 26. Ba5 f6 27.
Rxb7 fxe5 28. f5 gxf5 0-1

[Event "Plzen, FSB A"]
[Site "?"]
[Date "2004.??.??"]
[Round "2.13"]
[White "Sikora-Lerch, J."]
[Black "Havlik, J."]
[Result "1/2-1/2"]
[WhiteElo "2320"]
[BlackElo "2136"]
[PlyCount "69"]
[EventDate "2004.??.??"]
[Source "ChessBase"]
[SourceDate "1996.11.15"]

1. d3 g6 2. g3 Bg7 3. Bg2 Nf6 4. c4 O-O 5. Nc3 d6 6. Rb1 Nbd7 7. f4 e5 8. Nf3
c6 9. e4 Nc5 10. O-O Ne6 11. Kh1 Nd4 12. fxe5 dxe5 13. Nxe5 Nxe4 14. Nxe4 Bxe5
15. Bh6 Bg7 16. Bxg7 Kxg7 17. c5 Be6 18. Nd6 Qd7 19. Be4 a6 20. a4 b6 21. Qc1
f6 22. b4 Rab8 23. Qc3 Ne2 24. Qd2 Nd4 25. Qe3 Nc2 26. Qf2 bxc5 27. bxc5 Nb4
28. Qd4 a5 29. Rb2 Qc7 30. Re1 Qd7 31. Kg1 Kg8 32. Bg2 Bd5 33. Rbe2 Bxg2 34.
Kxg2 Nd5 35. Re6 1/2-1/2

[Event "Plzen, FSB A"]
[Site "?"]
[Date "2004.??.??"]
[Round "2.14"]
[White "Hodova, L."]
[Black "Petr, M."]
[Result "0-1"]
[WhiteElo "2112"]
[BlackElo "2307"]
[PlyCount "70"]
[EventDate "2004.??.??"]
[Source "ChessBase"]
[SourceDate "1996.11.15"]

1. e4 e6 2. d4 d5 3. e5 b6 4. c3 Qd7 5. f4 h5 6. Nf3 Nh6 7. Be3 Ba6 8. Bxa6
Nxa6 9. Qe2 Nb8 10. Nbd2 Nc6 11. g3 Be7 12. h3 Nf5 13. Bf2 O-O-O 14. Kf1 Rdg8
15. Kg2 g5 16. fxg5 Bxg5 17. Nxg5 Rxg5 18. Nf3 Rg6 19. Kh2 f6 20. a4 fxe5 21.
Nxe5 Nxe5 22. Qxe5 Rhg8 23. Rhg1 Rg5 24. Qe2 Qd6 25. Qe5 Qxe5 26. dxe5 Ne7 27.
Rae1 Ng6 28. Be3 Rxe5 29. Bf4 Rxe1 30. Rxe1 e5 31. Bg5 Kd7 32. g4 hxg4 33. hxg4
e4 34. Bf6 Ke6 35. g5 Nh4 0-1

[Event "Plzen, FSB A"]
[Site "?"]
[Date "2004.??.??"]
[Round "2.15"]
[White "Cifka, S."]
[Black "Racek, J."]
[Result "1/2-1/2"]
[WhiteElo "2302"]
[BlackElo "2112"]
[PlyCount "73"]
[EventDate "2004.??.??"]
[Source "ChessBase"]
[SourceDate "1996.11.15"]

1. d4 Nf6 2. c4 g6 3. Nc3 Bg7 4. e4 d6 5. f3 O-O 6. Be3 e5 7. d5 Nh5 8. Qd2 f5
9. O-O-O f4 10. Bf2 a5 11. Kb1 Na6 12. Nge2 Bd7 13. Nc1 g5 14. Nd3 b6 15. Be2
Nf6 16. b3 Rf7 17. a3 Nc5 18. Qb2 a4 19. b4 Nb3 20. Nc1 Nd4 21. h3 h5 22. Rd3
Bf8 23. Bd1 b5 24. cxb5 Nxb5 25. Nxb5 Bxb5 26. Rc3 c6 27. dxc6 d5 28. Be2 Bxe2
29. Qxe2 d4 30. Rc2 Qb6 31. Nd3 Bd6 32. Rhc1 Ne8 33. g3 Rc7 34. gxf4 gxf4 35.
Rg1+ Kh7 36. Bh4 Rg7 37. Qf1 {47 tahu} 1/2-1/2

[Event "Plzen, FSB A"]
[Site "?"]
[Date "2004.??.??"]
[Round "2.16"]
[White "Toman, Jan"]
[Black "Studnicka, T."]
[Result "1/2-1/2"]
[WhiteElo "2103"]
[BlackElo "2302"]
[PlyCount "62"]
[EventDate "2004.??.??"]
[Source "ChessBase"]
[SourceDate "1996.11.15"]

1. e4 c5 2. Nf3 e6 3. d4 cxd4 4. Nxd4 a6 5. Nc3 b5 6. Bd3 Qb6 7. Nb3 Bb7 8. Qe2
d6 9. O-O Nf6 10. Kh1 Be7 11. Bg5 Nbd7 12. Rae1 O-O 13. a3 Rfe8 14. f4 h6 15.
Bxf6 Bxf6 16. Qh5 e5 17. Qg4 Qc7 18. Re3 exf4 19. Qxf4 Ne5 20. Qg3 Bg5 21. Ree1
Qe7 22. Re2 Bh4 23. Qf4 Bg5 24. Qg3 Bh4 25. Qf4 Qg5 26. g3 Qxf4 27. gxf4 Nxd3
28. cxd3 Bd8 29. Nd4 Bb6 30. Nf5 Rad8 31. Rg2 g6 1/2-1/2

[Event "Plzen, FSB A"]
[Site "?"]
[Date "2004.??.??"]
[Round "2.17"]
[White "Rehorek, M."]
[Black "Skacel, J."]
[Result "1-0"]
[WhiteElo "2300"]
[BlackElo "2103"]
[PlyCount "75"]
[EventDate "2004.??.??"]
[Source "ChessBase"]
[SourceDate "1996.11.15"]

1. Nf3 Nf6 2. c4 c5 3. g3 g6 4. Bg2 Bg7 5. Nc3 O-O 6. O-O Nc6 7. d4 cxd4 8.
Nxd4 Qa5 9. e3 Qc5 10. b3 d6 11. Bb2 Bg4 12. Qd2 Rac8 13. h3 Bd7 14. g4 Qa5 15.
f4 a6 16. Rad1 Rfe8 17. g5 Nh5 18. Nd5 Qxd2 19. Rxd2 Nxd4 20. exd4 Bc6 21. Kh2
e6 22. Ne3 Bxg2 23. Kxg2 f5 24. Kf3 Kf7 25. Rc1 Red8 26. b4 h6 27. h4 hxg5 28.
hxg5 Rd7 29. c5 dxc5 30. bxc5 e5 31. Nc4 Nxf4 32. Nd6+ Rxd6 33. cxd6 Rxc1 34.
Bxc1 Ne6 35. dxe5 Nxg5+ 36. Ke2 Ne6 37. d7 Bh6 38. Rd6 1-0

[Event "Plzen, FSB A"]
[Site "?"]
[Date "2004.??.??"]
[Round "2.18"]
[White "Kriz, L."]
[Black "Gross, S."]
[Result "1-0"]
[WhiteElo "2072"]
[BlackElo "2294"]
[PlyCount "93"]
[EventDate "2004.??.??"]
[Source "ChessBase"]
[SourceDate "1996.11.15"]

1. e4 c5 2. Nf3 d6 3. d4 cxd4 4. Nxd4 Nf6 5. Nc3 e6 6. Bb5+ Bd7 7. Qe2 a6 8.
Bxd7+ Nbxd7 9. O-O Be7 10. Be3 Qc7 11. f3 b5 12. Bf2 O-O 13. Rfe1 Nc5 14. Nd1
Rac8 15. c4 bxc4 16. Qxc4 d5 17. exd5 Nxd5 18. Nf5 Bf6 19. Rc1 Nd3 20. Nh6+ Kh8
21. Qxd3 Qxc1 22. Ng4 Qc4 23. Qxc4 Rxc4 24. Nxf6 gxf6 25. Ne3 Nxe3 26. Bxe3 Rd8
27. Re2 Kg7 28. Bd2 Kg6 29. Bc3 h5 30. Kf2 Rd3 31. Rc2 f5 32. Ke2 Rd5 33. Ke3
e5 34. Rc1 f4+ 35. Ke2 f5 36. Kf2 e4 37. Ke2 Kf7 38. Rc2 Ke6 39. Rc1 Rc8 40.
Kf1 Rd3 41. Ke2 h4 42. h3 Rg8 43. Rg1 Rxg2+ 44. Rxg2 exf3+ 45. Kxd3 fxg2 46.
Bd4 Kd5 47. Bf2 1-0

[Event "Plzen, FSB A"]
[Site "?"]
[Date "2004.??.??"]
[Round "2.19"]
[White "Bensch, P."]
[Black "Vrchotka, J."]
[Result "1-0"]
[WhiteElo "2288"]
[BlackElo "2103"]
[PlyCount "73"]
[EventDate "2004.??.??"]
[Source "ChessBase"]
[SourceDate "1996.11.15"]

1. e4 c6 2. d4 d5 3. exd5 cxd5 4. c4 Nf6 5. Nc3 e6 6. Nf3 dxc4 7. Bxc4 Be7 8.
O-O O-O 9. Qe2 Nc6 10. Rd1 Nd5 11. Bd3 a6 12. a3 Bf6 13. Qe4 g6 14. Bc4 Nxc3
15. bxc3 Be7 16. Bf4 Re8 17. Ne5 Nxe5 18. dxe5 Bd7 19. Qxb7 Qc8 20. Bxa6 Rxa6
21. Qxd7 Rxa3 22. Rxa3 Bxa3 23. c4 Be7 24. Qb5 Rd8 25. Rxd8+ Qxd8 26. h3 g5 27.
Be3 Qc7 28. Bd4 Kg7 29. c5 Qd8 30. Qc4 Kf8 31. c6 Qc7 32. Bb6 Qxe5 33. c7 Qe1+
34. Kh2 Bd6+ 35. g3 Bxc7 36. Qxc7 h5 37. Qd8+ 1-0

[Event "Plzen, FSB A"]
[Site "?"]
[Date "2004.??.??"]
[Round "2.20"]
[White "Wiesinger, R."]
[Black "van der Veen, R."]
[Result "1-0"]
[WhiteElo "2265"]
[BlackElo "2002"]
[PlyCount "41"]
[EventDate "2004.??.??"]
[Source "ChessBase"]
[SourceDate "1996.11.15"]

1. e4 c6 2. d4 d5 3. e5 Bf5 4. Nc3 e6 5. g4 Bg6 6. Nge2 c5 7. h4 h6 8. Be3 Nc6
9. dxc5 Nxe5 10. Nf4 d4 11. Bb5+ Ke7 12. Nfd5+ exd5 13. Bxd4 a6 14. Bxe5 axb5
15. Nxd5+ Kd7 16. Nc7+ Kc6 17. Qf3+ Kxc5 18. Qc3+ Kb6 19. Bd4+ Bc5 20. Qxc5+
Ka5 21. Qa3# 1-0

[Event "Plzen, FSB A"]
[Site "?"]
[Date "2004.??.??"]
[Round "2.21"]
[White "Zeleny, T."]
[Black "Steinhauser, A."]
[Result "1-0"]
[WhiteElo "2254"]
[BlackElo "1714"]
[PlyCount "57"]
[EventDate "2004.??.??"]
[Source "ChessBase"]
[SourceDate "1996.11.15"]

1. e4 c5 2. Nf3 d6 3. d4 cxd4 4. Nxd4 Nf6 5. Nc3 g6 6. f3 Bg7 7. Be3 O-O 8. Qd2
Nc6 9. O-O-O d5 10. exd5 Nxd5 11. Nxc6 bxc6 12. Nxd5 cxd5 13. Qxd5 Qc7 14. Qc5
Qb7 15. Qa3 Bf5 16. Bd3 Rab8 17. b3 Qc6 18. Bxf5 gxf5 19. Qc5 Qf6 20. Bd4 Qg5+
21. Kb1 Rfc8 22. Qa5 Bxd4 23. Rxd4 Qxg2 24. Rc1 e6 25. Rd7 Qxh2 26. Qxa7 Ra8
27. Qd4 e5 28. Qb6 Kf8 29. Qf6 1-0

[Event "Plzen, FSB A"]
[Site "?"]
[Date "2004.??.??"]
[Round "2.22"]
[White "Kudlacek, J."]
[Black "Folk, P."]
[Result "0-1"]
[WhiteElo "2039"]
[BlackElo "2245"]
[PlyCount "82"]
[EventDate "2004.??.??"]
[Source "ChessBase"]
[SourceDate "1996.11.15"]

1. d4 Nf6 2. c4 c5 3. d5 b5 4. cxb5 a6 5. Nc3 axb5 6. Nxb5 Qa5+ 7. Nc3 g6 8. e3
Bg7 9. Bd2 O-O 10. Nf3 d6 11. Be2 Ba6 12. O-O Nbd7 13. Bxa6 Qxa6 14. Qc2 Nb6
15. e4 Nc4 16. a4 Nd7 17. b3 Nxd2 18. Nxd2 Qa5 19. Rfc1 Nb6 20. Rab1 Qb4 21.
Nb5 Bh6 22. Rd1 Rfc8 23. Qc3 Qxc3 24. Nxc3 c4 25. bxc4 Nxc4 26. Nxc4 Rxc4 27.
Rb3 Bg7 28. Nb5 Rxe4 29. Nc7 Rc8 30. Rb7 Rxa4 31. g3 Bf6 32. Rdb1 Rc4 33. Na6
h5 34. h4 Rc2 35. Rb8 Rxb8 36. Rxb8+ Kg7 37. Nb4 Rd2 38. Rb7 Rb2 39. Rb8 Bd4
40. Nc6 Bxf2+ 41. Kf1 Rxb8 0-1

[Event "Plzen, FSB A"]
[Site "?"]
[Date "2004.??.??"]
[Round "2.23"]
[White "Neuman, P."]
[Black "Cekan, P."]
[Result "1-0"]
[WhiteElo "2428"]
[BlackElo "1894"]
[PlyCount "63"]
[EventDate "2004.??.??"]
[Source "ChessBase"]
[SourceDate "1996.11.15"]

1. e4 d5 2. exd5 Qxd5 3. Nc3 Qd8 4. d4 Nf6 5. Bc4 c6 6. Nf3 Bg4 7. Bxf7+ Kxf7
8. Ne5+ Kg8 9. Nxg4 Nxg4 10. Qxg4 Qd7 11. Qe2 g6 12. Be3 Bg7 13. O-O-O h6 14.
h4 Na6 15. h5 g5 16. f4 Bf6 17. Rhf1 Rh7 18. fxg5 Bxg5 19. Bxg5 hxg5 20. g4 Rf8
21. Rxf8+ Kxf8 22. Rf1+ Rf7 23. Rxf7+ Kxf7 24. Qe4 Qe6 25. Qxe6+ Kxe6 26. Ne4
Nc7 27. Nxg5+ Kf6 28. Ne4+ Kg7 29. Kd2 Nd5 30. c4 Nf6 31. Nxf6 exf6 32. d5 1-0

[Event "Plzen, FSB A"]
[Site "?"]
[Date "2004.??.??"]
[Round "2.24"]
[White "Jina, L."]
[Black "Zawadzka, J."]
[Result "0-1"]
[WhiteElo "1943"]
[BlackElo "2272"]
[PlyCount "76"]
[EventDate "2004.??.??"]
[Source "ChessBase"]
[SourceDate "1996.11.15"]

1. d4 Nf6 2. c4 g6 3. Nc3 Bg7 4. e3 d6 5. Nf3 O-O 6. Be2 c5 7. dxc5 dxc5 8. O-O
Nc6 9. a3 Bf5 10. Nh4 Be6 11. Qc2 Qc7 12. h3 Rfd8 13. f4 a6 14. Nf3 Na5 15. Nd2
Qd7 16. Rf3 Nc6 17. Na4 Bf5 18. Qb3 Na5 19. Qd1 Qd6 20. Nc3 Ne4 21. Ncxe4 Bxe4
22. Rf2 Bd3 23. Qa4 Bxe2 24. Rxe2 Qd3 25. Kf2 b6 26. Ra2 e5 27. g3 exf4 28.
gxf4 Re8 29. b4 Nxc4 30. Nxc4 Qxc4 31. Rac2 Qe4 32. Qb3 Rac8 33. Rc4 Qe6 34.
Rec2 b5 35. R4c3 c4 36. Qa2 Qxh3 37. Bd2 Rcd8 38. Qb1 Rxd2+ 0-1

[Event "Plzen, FSB A"]
[Site "?"]
[Date "2004.??.??"]
[Round "2.25"]
[White "Franchini, G."]
[Black "Bukacek, L."]
[Result "1/2-1/2"]
[WhiteElo "2215"]
[BlackElo "2091"]
[PlyCount "113"]
[EventDate "2004.??.??"]
[Source "ChessBase"]
[SourceDate "1996.11.15"]

1. d4 d5 2. c4 e6 3. Nc3 c6 4. Nf3 Nf6 5. Bg5 Be7 6. e3 Nbd7 7. Bd3 dxc4 8.
Bxc4 b5 9. Bd3 a6 10. O-O Bb7 11. Rc1 O-O 12. a4 h6 13. Bh4 b4 14. Nb1 Rc8 15.
Qe2 a5 16. Nbd2 c5 17. Nb3 Bd5 18. Nfd2 Qb6 19. Nc4 Bxc4 20. Bxc4 cxd4 21. Nxd4
Ne5 22. Bb5 Nd5 23. Bg3 Bf6 24. Rfd1 Nc7 25. Nc6 Nxb5 26. Nxe5 Bxe5 27. Rxc8
Rxc8 28. Bxe5 Nc7 29. Qc2 f6 30. Bxf6 Qb7 31. Be5 Nd5 32. Qg6 Qf7 33. Qd3 Rf8
34. f3 Qa7 35. Bd4 Qc7 36. Qg6 Nf6 37. Bxf6 Rxf6 38. Qe8+ Kh7 39. Qd8 Qc5 40.
Qd3+ Kg8 41. Qd2 Qg5 42. Qd8+ Kh7 43. Qd3+ Kg8 44. Qe4 Rg6 45. g4 h5 46. h3
hxg4 47. hxg4 Qh4 48. Rd8+ Qxd8 49. Qxg6 Qd1+ 50. Kg2 Qe2+ 51. Kg3 Qxe3 52.
Qe8+ Kh7 53. Qh5+ Kg8 54. Qxa5 Qe1+ 55. Kh3 Qh1+ 56. Kg3 Qe1+ 57. Kh3 1/2-1/2

[Event "Plzen, FSB A"]
[Site "?"]
[Date "2004.??.??"]
[Round "2.26"]
[White "Maurer, J."]
[Black "Jenicek, E."]
[Result "1/2-1/2"]
[WhiteElo "2198"]
[BlackElo "2021"]
[PlyCount "75"]
[EventDate "2004.??.??"]
[Source "ChessBase"]
[SourceDate "1996.11.15"]

1. e4 e5 2. Nf3 Nc6 3. Nc3 Nf6 4. g3 d6 5. Bg2 Bg4 6. h3 Be6 7. d4 Bc4 8. Be3
Be7 9. Qd2 a5 10. d5 Na7 11. Bf1 Bxf1 12. Kxf1 Qd7 13. Qd3 h6 14. Kg2 Nh7 15.
a3 O-O 16. b4 Nc8 17. Qb5 c6 18. dxc6 bxc6 19. Qc4 axb4 20. axb4 Rxa1 21. Rxa1
Ng5 22. Nxg5 Bxg5 23. Bxg5 hxg5 24. b5 cxb5 25. Nxb5 Nb6 26. Qd3 d5 27. exd5
Qxd5+ 28. Qxd5 Nxd5 29. c4 Nb4 30. Rb1 Nd3 31. Rb3 e4 32. Nd6 f5 33. Rb5 g6 34.
Kf1 Rd8 35. Rd5 Nb4 36. Rd2 Nd3 37. c5 Nxc5 38. Nxe4 1/2-1/2

[Event "Plzen, FSB A"]
[Site "?"]
[Date "2004.??.??"]
[Round "2.27"]
[White "Cecil, P."]
[Black "Kana, P."]
[Result "0-1"]
[WhiteElo "2042"]
[BlackElo "2159"]
[PlyCount "74"]
[EventDate "2004.??.??"]
[Source "ChessBase"]
[SourceDate "1996.11.15"]

1. Nf3 c5 2. g3 b6 3. Bg2 Bb7 4. O-O Nf6 5. c4 e6 6. d3 Be7 7. Nc3 O-O 8. e4 d6
9. Ne1 Nfd7 10. f4 f5 11. Qe2 Nc6 12. Nf3 Bf6 13. Be3 Re8 14. Rad1 Bxc3 15.
bxc3 Qc7 16. Bf2 Rad8 17. Rfe1 Nf6 18. h3 e5 19. fxe5 Nxe5 20. Nxe5 Rxe5 21.
Qc2 fxe4 22. d4 Re7 23. d5 Rde8 24. Re3 b5 25. Bf1 bxc4 26. Bxc4 Qa5 27. g4 Ba6
28. Qe2 Bxc4 29. Qxc4 g5 30. Bg3 Qb6 31. Rf1 Kg7 32. Rf5 h6 33. Qf1 c4 34. Bf2
Qb5 35. Rxf6 Kxf6 36. Rxe4 Rxe4 37. Bd4+ Ke7 0-1

[Event "Plzen, FSB A"]
[Site "?"]
[Date "2004.??.??"]
[Round "2.28"]
[White "Beran, B."]
[Black "Kalista, K."]
[Result "1-0"]
[WhiteElo "2158"]
[BlackElo "2019"]
[PlyCount "76"]
[EventDate "2004.??.??"]
[Source "ChessBase"]
[SourceDate "1996.11.15"]

1. Nf3 d5 2. c4 c6 3. b3 Bf5 4. Bb2 Nf6 5. d3 e6 6. Nc3 d4 7. Nb1 c5 8. g3 Nc6
9. Bg2 Be7 10. O-O h6 11. Nbd2 O-O 12. Nh4 Bh7 13. f4 Ng4 14. e4 Ne3 15. Qe1
Nxf1 16. Nxf1 Bxh4 17. gxh4 Nb4 18. Qg3 Qf6 19. h5 b5 20. f5 Kh8 21. a3 Nc6 22.
h4 g6 23. hxg6 fxg6 24. fxg6 Qxg6 25. Qh3 Rg8 26. Bc1 Qg4 27. Qh2 Qe2 28. Bxh6
Qxd3 29. Bg5 Raf8 30. Ng3 Qxb3 31. Rf1 Rxf1+ 32. Bxf1 Rf8 33. Qh3 Qf3 34. Bg2
Qf2+ 35. Kh1 d3 36. Nh5 Qe2 37. Bf6+ Rxf6 38. Nxf6 d2 {necitelne, 47 tahu} 1-0

[Event "Plzen, FSB A"]
[Site "?"]
[Date "2004.??.??"]
[Round "2.30"]
[White "Reitingerova, I."]
[Black "Gutdeutsch, O."]
[Result "1/2-1/2"]
[WhiteElo "1841"]
[BlackElo "2116"]
[PlyCount "25"]
[EventDate "2004.??.??"]
[Source "ChessBase"]
[SourceDate "1996.11.15"]

1. e4 e5 2. Nf3 Nc6 3. Bb5 Bc5 4. O-O Nf6 5. Bxc6 bxc6 6. Nc3 O-O 7. d4 exd4 8.
Nxd4 Re8 9. Re1 Qe7 10. Bg5 Qe5 11. Nf3 Qe6 12. h3 Ba6 13. Qd2 1/2-1/2

[Event "Plzen, FSB A"]
[Site "?"]
[Date "2004.??.??"]
[Round "2.31"]
[White "Hyrs, M."]
[Black "Muk, I."]
[Result "0-1"]
[WhiteElo "2108"]
[BlackElo "1916"]
[PlyCount "72"]
[EventDate "2004.??.??"]
[Source "ChessBase"]
[SourceDate "1996.11.15"]

1. d4 Nf6 2. Nf3 c6 3. c4 d5 4. cxd5 cxd5 5. Nc3 e6 6. Bf4 a6 7. e3 Nc6 8. h3
Be7 9. Rc1 O-O 10. Bd3 Bd7 11. O-O Rc8 12. a3 Ne8 13. Na4 Bd6 14. Bxd6 Nxd6 15.
Nc5 Qe7 16. b4 Rfd8 17. Ne5 Be8 18. f4 f6 19. Nxc6 Rxc6 20. Qg4 Bf7 21. Qe2 e5
22. Qb2 exf4 23. exf4 f5 24. Rfe1 Ne4 25. Qe2 Rg6 26. Nxe4 dxe4 27. Qf2 Rgd6
28. Bc4 Rxd4 29. Bxf7+ Kxf7 30. Qe2 g6 31. Rc5 Qd6 32. g3 Rd3 33. Rec1 Rxg3+
34. Kh2 Qxf4 35. Rf1 Rf3+ 36. Kg1 Qg3+ 0-1

[Event "Plzen, FSB A"]
[Site "?"]
[Date "2004.??.??"]
[Round "2.32"]
[White "Koth, S."]
[Black "Steinhauser, D."]
[Result "1-0"]
[WhiteElo "2190"]
[BlackElo "1753"]
[PlyCount "37"]
[EventDate "2004.??.??"]
[Source "ChessBase"]
[SourceDate "1996.11.15"]

1. c4 Nc6 2. Nc3 e5 3. g3 g6 4. Bg2 Bg7 5. e3 d6 6. Nge2 Nge7 7. d4 exd4 8.
exd4 Bg4 9. h3 Bxe2 10. Nxe2 Nf5 11. O-O O-O 12. d5 Ne5 13. Qb3 Re8 14. Bd2 b6
15. Qc2 h5 16. Rad1 Qe7 17. Rfe1 a5 18. b3 Qd7 19. f4 1-0

[Event "Plzen, FSB A"]
[Site "?"]
[Date "2004.??.??"]
[Round "2.33"]
[White "Goldobin, T."]
[Black "Michalek, J."]
[Result "0-1"]
[WhiteElo "2027"]
[BlackElo "2377"]
[PlyCount "74"]
[EventDate "2004.??.??"]
[Source "ChessBase"]
[SourceDate "1996.11.15"]

1. e4 c5 2. c3 g6 3. d4 cxd4 4. cxd4 d5 5. exd5 Nf6 6. Nc3 Bg7 7. Bc4 O-O 8.
Nf3 Nbd7 9. O-O Nb6 10. Qb3 Bf5 11. Ne5 Rc8 12. Bd3 Bxd3 13. Nxd3 Nfxd5 14.
Nxd5 Qxd5 15. Qxd5 Nxd5 16. Be3 e6 17. Rac1 b6 18. Rxc8 Rxc8 19. Rc1 Rxc1+ 20.
Nxc1 Kf8 21. Nd3 Ke7 22. Kf1 Kd7 23. Ke2 Kc6 24. Ne5+ Bxe5 25. dxe5 Nb4 26. a3
Nc2 27. Kd2 Nxe3 28. Kxe3 Kd5 29. Kf4 h6 30. h4 Kd4 31. g3 a5 32. g4 b5 33. f3
a4 34. h5 g5+ 35. Kg3 Kxe5 36. f4+ gxf4+ 37. Kf3 f6 0-1